Manual de misionología
Guardat en:
| Autor principal: | |
|---|---|
| Format: | Llibre |
| Idioma: | espanyol |
| Publicat: |
Madrid
Ediciones España Misionera
1951
|
| Edició: | 3a. ed |
| Matèries: | |
| Etiquetes: |
Afegir etiqueta
Sense etiquetes, Sigues el primer a etiquetar aquest registre!
|
MARC
| LEADER | 00000cam a2200000 a 4500 | ||
|---|---|---|---|
| 001 | UCE4180 | ||
| 003 | CL-VaPUC | ||
| 008 | 141016e19510000sp |||||||||||||||||spa|d | ||
| 082 | 0 | 4 | |a 253 |b MON |2 21 |
| 100 | |a Mondreganes, Pío María de |e autor |9 576781 | ||
| 245 | 1 | 0 | |a Manual de misionología |
| 250 | |a 3a. ed | ||
| 300 | |a 716 p | ||
| 942 | |c BK | ||
| 945 | |d 20141016 12:02:00 |a dcastane | ||
| 260 | |a Madrid |b Ediciones España Misionera |c 1951 | ||
| 650 | 7 | |a MISIONOLOGIA |2 CL-VaPUC |9 389210 | |
| 650 | 7 | |a MISIONES |2 CL-VaPUC |9 269280 | |
| 650 | 7 | |a EVANGELIZACION |2 CL-VaPUC |9 576782 | |
| 583 | |a last modification |c 20141016 12:02:00 |k Rodrigo Vera | ||
| 999 | |c 357236 |d 357234 | ||
| 952 | |0 0 |1 0 |3 erb |4 0 |6 253_000000000000000_MON_1951 |7 0 |8 P |9 465099 |a BIBTEO |b BIBTES |c TEO_FTES |i 4999711 |o 253 MON 1951 |p 4999711 |r 2024-01-18 |w 2019-11-23 |y BK |z Catalogado en:20141016 |k ICR | ||